000 00709nam a2200193Ia 4500
005 20250423100743.0
008 250422s9999 xx 000 0 und d
020 _a9780367707170
050 _aQC 795.5 .R33/
100 _aEdited by Jan Iwanczyk, Krzysztof Iniewski.
245 0 _aRadiation detection systems. Sensor materials, systems, technology and characterization measurements
250 _a2nd ed.
260 _aBoca Raton
260 _bCRC Press
260 _c2024
300 _a323 p
650 _aRadiation--Measurement--Instruments. Radiography, Medical--Instruments. Radiography--Equipment and supplies. Photon detectors. Semiconductor nuclear counters. X-ray spectroscopy.
942 _cBK
999 _c34240
_d34240